Gramática española

সংরক্ষণ করুন:
গ্রন্থ-পঞ্জীর বিবরন
প্রধান লেখক: Criado de Val, M.
বিন্যাস: গ্রন্থ
ভাষা:Undetermined
প্রকাশিত: Madrid, España SAETA 1958
বিষয়গুলি:
ট্যাগগুলো: ট্যাগ যুক্ত করুন
কোনো ট্যাগ নেই, প্রথমজন হিসাবে ট্যাগ করুন!

MARC

LEADER 00000nam a2200000Ia 4500
008 170316s9999 xx 000 0 und d
090 |a 415-E C-10g 
100 |a Criado de Val, M. 
245 |a Gramática española 
260 |a Madrid, España 
260 |b SAETA 
260 |c 1958 
300 |a 238 páginas 
650 |a GRAMÁTICA ESPAÑOLA 
999 |c 18928  |d 18928 
040 |a cru BVZT 
942 |c 15 D  |h 415-E C-10g  |2 z